000
00254nam a22000977a 4500
008
231128b |||||||| |||| 00| 0 eng d
082
_a
A - N /
_b
ALVT
100
_a
Álvarez, Sergio
_e
Autor
_9
42810
245
_a
35 muertos /
_c
Sergio Álvarez
942
_2
ddc
999
_c
30445
_d
16829